Analýza vývoja vybraných neštátnych neziskových organizácií v Slovenskej republike

Štatistické metódy skúmania vývoja a určenia predpovede vývoja neštátneho neziskového sektora v závislosti od času. Vývoj neštátneho neziskového sektora, analýza a predpoveď vývoja jeho vybraných organizácií. História a prognóza vývoja neziskového sektora. Zhrnutie dosiahnutých výsledkov skúmania vý...

Ausführliche Beschreibung

Gespeichert in:
Bibliographische Detailangaben
1. Verfasser: Krížová, Dunja
Format: Buchkapitel
Sprache:Slowakisch
Schlagworte:
Tags: Tag hinzufügen
Keine Tags, Fügen Sie das erste Tag hinzu!

MARC

LEADER 00000naa a2200000 4500
001 r045572
005 20231003112737.7
041 0 |a slo 
044 |a SK 
245 1 0 |a Analýza vývoja vybraných neštátnych neziskových organizácií v Slovenskej republike  |c Dunja Krížová 
520 |a Štatistické metódy skúmania vývoja a určenia predpovede vývoja neštátneho neziskového sektora v závislosti od času. Vývoj neštátneho neziskového sektora, analýza a predpoveď vývoja jeho vybraných organizácií. História a prognóza vývoja neziskového sektora. Zhrnutie dosiahnutých výsledkov skúmania vývoja neštátneho neziskového sektora na Slovensku. 
610 2 0 |a organizácie neziskové 
610 2 0 |a vývoj 
610 2 0 |a analýza štatistická 
610 2 0 |a metódy štatistické 
610 2 0 |a prognózy 
610 2 0 |a organizácie nevládne 
610 2 0 |a história 
610 2 0 |a Slovensko 
100 1 |a Krížová, Dunja